[Event "Vecindario Montalvo Memorial 16th"]
[Site "Vecindario"]
[Date "2024.03.30"]
[Round "8"]
[White "Sanchez Montesdeoca, Isaac"]
[Black "Mendez Acosta, Alexander Jesus"]
[Result "0-1"]
[WhiteElo "1832"]
[BlackElo "2025"]
[PlyCount "84"]
[EventDate "2024.03.23"]
[EventType "swiss"]
[EventRounds "9"]
[EventCountry "ESP"]
[SourceTitle "CB15_2024"]
[SourceDate "2024.04.10"]
[SourceVersion "1"]
[SourceVersionDate "2024.04.10"]
[SourceQuality "1"]

1. Nf3 d5 2. d4 e6 3. g3 c5 4. c4 Nf6 5. Bg2 Nc6 6. cxd5 exd5 7. 0-0 cxd4 8. Nxd4 Be7 9. e3 Bg4 10. Qa4 Qd7 11. Nc3 h5 12. f3 Be6 13. Nxe6 fxe6 14. Rd1 h4 15. g4 h3 16. Bh1 0-0 17. Bd2 Bc5 18. Rac1 d4 19. Ne2 d3 20. Ng3 Bb6 21. Rc4 Nd5 22. Re4 Qd6 23. Nf1 Ne5 24. Kf2 Rac8 25. Qb3 Rc2 26. Rxe5 Qxe5 27. Qxd3 Qxb2 28. Kg3 Rcc8 29. f4 Qc2 30. Qxc2 Rxc2 31. Kf3 Rxa2 32. Ke4 Kf7 33. f5 Nf6+ 34. Kf4 exf5 35. Kxf5 Ra4 36. e4 Bc7 37. Rc1 g6+ 38. Kg5 Bd8 39. Kf4 Re8 40. Re1 Bc7+ 41. Kg5 Raxe4 42. Ne3 Bf4+ 0-1

[Event "Vecindario Montalvo Memorial 16th"]
[Site "Vecindario"]
[Date "2024.03.29"]
[Round "7"]
[White "Segura Marsa, Andres"]
[Black "Sanchez Montesdeoca, Isaac"]
[Result "1/2-1/2"]
[WhiteElo "1987"]
[BlackElo "1832"]
[PlyCount "72"]
[EventDate "2024.03.23"]
[EventType "swiss"]
[EventRounds "9"]
[EventCountry "ESP"]
[SourceTitle "CB15_2024"]
[SourceDate "2024.04.10"]
[SourceVersion "1"]
[SourceVersionDate "2024.04.10"]
[SourceQuality "1"]

1. c4 c5 2. Nc3 Nf6 3. g3 b6 4. Bg2 Nc6 5. e4 e5 6. Nge2 d6 7. d3 Bg4 8. f3 Bd7 9. 0-0 Qc8 10. Bg5 Ne7 11. f4 Ng4 12. Bxe7 Bxe7 13. Qd2 0-0 14. Nd5 Bd8 15. f5 Rb8 16. Rf3 Rb7 17. Raf1 Bc6 18. Nec3 Nf6 19. Ne3 a6 20. g4 b5 21. Rh3 b4 22. Ne2 Bd7 23. g5 Ne8 24. Rg3 Kh8 25. h4 a5 26. Nd5 Nc7 27. f6 Nxd5 28. fxg7+ Kxg7 29. exd5 Bg4 30. Kh2 f5 31. gxf6+ Rxf6 32. Rxf6 Bxf6 33. Bh3 h5 34. Bxg4 hxg4 35. h5 Qf5 36. h6+ Kh8 1/2-1/2

[Event "Gran Canaria-ch Seniors"]
[Site "Arucas"]
[Date "2023.04.24"]
[Round "6.5"]
[White "Sanchez Montesdeoca, Isaac"]
[Black "Rossello Padron, Carlos Eduardo"]
[Result "0-1"]
[WhiteElo "1690"]
[BlackElo "1635"]
[PlyCount "106"]
[EventDate "2023.04.12"]
[EventType "swiss"]
[EventRounds "7"]
[EventCountry "ESP"]
[SourceTitle "EXT 2024"]
[Source "ChessBase"]
[SourceDate "2023.10.10"]
[SourceVersion "1"]
[SourceVersionDate "2023.10.10"]
[SourceQuality "1"]

1. Nf3 Nf6 2. g3 d6 3. Bg2 g6 4. d4 Bg7 5. c4 c6 6. Nc3 0-0 7. 0-0 Nbd7 8. Qc2 e5 9. Rd1 Qc7 10. b3 Re8 11. Bb2 e4 12. Ng5 d5 13. Rac1 Nb6 14. cxd5 cxd5 15. Qd2 Qe7 16. Nb5 e3 17. fxe3 Qxe3+ 18. Qxe3 Rxe3 19. Rc7 Rxe2 20. Ba3 Ne8 21. Rcc1 h6 22. Nf3 Bf5 23. Ne5 Bxe5 24. dxe5 Be4 25. Bh3 Bf3 26. Rf1 Be4 27. Be7 Rc2 28. Rcd1 a6 29. Nd4 Nc8 30. e6 f5 31. Bd8 Rxa2 32. e7 Ncd6 33. Ne6 Kf7 34. Nc5 Rc8 35. Nxe4 dxe4 36. g4 Rcc2 37. gxf5 g5 38. Rfe1 Rxh2 39. Bf1 Rhf2 40. Bc7 Nxf5 41. Bc4+ Kf6 42. Bb8 Nh4 43. Re3 Nf3+ 44. Rxf3+ exf3 45. Ba7 Rg2+ 46. Kf1 Rh2 47. Bd4+ Kf5 48. Bd3+ Kf4 49. Bg1 Rh1 50. Bg6 f2 51. Rd4+ Ke5 52. Rg4 fxg1Q+ 53. Rxg1 Ra1+ 0-1

[Event "Gran Canaria-ch Seniors"]
[Site "Arucas"]
[Date "2023.04.17"]
[Round "3.5"]
[White "Sanchez Montesdeoca, Isaac"]
[Black "Macias Reyes, Jose Luis"]
[Result "0-1"]
[WhiteElo "1690"]
[BlackElo "1495"]
[PlyCount "76"]
[EventDate "2023.04.12"]
[EventType "swiss"]
[EventRounds "7"]
[EventCountry "ESP"]
[SourceTitle "EXT 2024"]
[Source "ChessBase"]
[SourceDate "2023.10.10"]
[SourceVersion "1"]
[SourceVersionDate "2023.10.10"]
[SourceQuality "1"]

1. e4 c6 2. Nf3 d5 3. exd5 cxd5 4. Ne5 Nc6 5. d4 Nf6 6. Bd3 a6 7. c3 g6 8. 0-0 Bf5 9. Bxf5 gxf5 10. Qf3 e6 11. Re1 Nxe5 12. dxe5 Ne4 13. Be3 Bg7 14. Na3 Bxe5 15. Rad1 Qc7 16. g3 0-0-0 17. Nc2 h5 18. Bd4 h4 19. Bxe5 Qxe5 20. Re2 hxg3 21. fxg3 Rdg8 22. Rg2 Rg6 23. Re1 Qc7 24. Ree2 Rhg8 25. Qf4 Rg4 26. Qxc7+ Kxc7 27. Nd4 b5 28. a3 Nd6 29. Ref2 Re4 30. Re2 Kb6 31. Rxe4 fxe4 32. Kf2 e5 33. Nb3 a5 34. Ke1 a4 35. Nd2 Kc5 36. Kd1 d4 37. h4 f5 38. Ke2 f4 0-1

[Event "Vecindario Montalvo Memorial 15th"]
[Site "Vecindario"]
[Date "2023.04.02"]
[Round "1"]
[White "Sanchez Montesdeoca, Isaac"]
[Black "Trocoli Romero, Isabel Yang"]
[Result "1-0"]
[WhiteElo "1690"]
[BlackElo "1008"]
[PlyCount "77"]
[EventDate "2023.04.02"]
[EventType "swiss"]
[EventRounds "9"]
[EventCountry "ESP"]
[SourceTitle "CBM 213 Extra"]
[Source "ChessBase"]
[SourceDate "2023.05.31"]
[SourceVersion "1"]
[SourceVersionDate "2023.05.31"]
[SourceQuality "1"]

1. Nf3 Nc6 2. d4 e6 3. g3 Nf6 4. Bg2 Bd6 5. 0-0 0-0 6. c4 b6 7. Nc3 Ba6 8. b3 e5 9. Bb2 Rb8 10. dxe5 Bxe5 11. Nxe5 Nxe5 12. Qc2 Bb7 13. e4 c6 14. Rfe1 d5 15. exd5 Re8 16. dxc6 Bxc6 17. Rxe5 Rxe5 18. Bxc6 Qd6 19. Nb5 Qxc6 20. Bxe5 Re8 21. Nd4 Qc5 22. Bxf6 gxf6 23. Qc3 Re4 24. Rd1 Qe5 25. Qd3 f5 26. Nf3 Qe7 27. Qd8+ Qe8 28. Qg5+ Kf8 29. Rd8 Qxd8 30. Qxd8+ Kg7 31. Qg5+ Kf8 32. Qf6 Re6 33. Qd8+ Re8 34. Qd6+ Re7 35. Nd4 Ke8 36. Kf1 Rd7 37. Qf6 Re7 38. Nc6 Re4 39. Qd8# 1-0

[Event "Vecindario Montalvo Memorial 14th"]
[Site "Vecindario"]
[Date "2022.09.08"]
[Round "6"]
[White "Sanchez Montesdeoca, Isaac"]
[Black "Vega Garcia, Jesus Manuel"]
[Result "1-0"]
[WhiteElo "1712"]
[BlackElo "1493"]
[PlyCount "47"]
[EventDate "2022.09.04"]
[EventType "swiss"]
[EventRounds "9"]
[EventCountry "ESP"]
[SourceTitle "CBM 210 Extra"]
[Source "ChessBase"]
[SourceDate "2022.11.30"]
[SourceVersion "1"]
[SourceVersionDate "2022.11.30"]
[SourceQuality "1"]

1. Nf3 Nf6 2. g3 g6 3. c4 Bg7 4. Nc3 d6 5. d4 0-0 6. Bg2 c5 7. 0-0 Nc6 8. b3 cxd4 9. Nxd4 Nxd4 10. Qxd4 Bf5 11. Bb2 Ne4 12. Qe3 Nxc3 13. Bxc3 Qc7 14. Rac1 a5 15. Rfd1 Be6 16. a4 Ra6 17. Bd5 Bxc3 18. Rxc3 Bh3 19. Rd4 Qc5 20. Qd2 h5 21. Rh4 Bf5 22. Rf3 e6 23. Rxf5 gxf5 24. Qg5+ 1-0

[Event "Vecindario Montalvo Memorial 14th"]
[Site "Vecindario"]
[Date "2022.09.06"]
[Round "4"]
[White "Sanchez Montesdeoca, Isaac"]
[Black "Perez Perez, Alejandro"]
[Result "0-1"]
[WhiteElo "1712"]
[BlackElo "1980"]
[PlyCount "78"]
[EventDate "2022.09.04"]
[EventType "swiss"]
[EventRounds "9"]
[EventCountry "ESP"]
[SourceTitle "CBM 210 Extra"]
[Source "ChessBase"]
[SourceDate "2022.11.30"]
[SourceVersion "1"]
[SourceVersionDate "2022.11.30"]
[SourceQuality "1"]

1. Nf3 c5 2. g3 Nc6 3. d4 cxd4 4. Nxd4 g6 5. Bg2 Bg7 6. c3 Qb6 7. Nb3 d6 8. Be3 Qc7 9. Na3 Nf6 10. Nb5 Qd8 11. 0-0 0-0 12. Qc1 Bd7 13. Rd1 a6 14. Na3 Rb8 15. Nc2 b5 16. Nc5 dxc5 17. Bxc6 Qc8 18. Bxd7 Nxd7 19. Rd5 h5 20. Qd2 Nf6 21. Rxc5 Qh3 22. f3 e5 23. Qe1 Rfd8 24. Rd1 e4 25. Bg5 exf3 26. exf3 Re8 27. Qf2 Qe6 28. a3 Bf8 29. Rc7 Nd5 30. Nd4 Qe5 31. Nc6 Qxg5 32. Nxb8 Nxc7 33. Nd7 Bg7 34. Nc5 Qe3 35. Ne4 Qxf2+ 36. Kxf2 Ne6 37. Rd7 Rd8 38. Re7 Kf8 39. Ra7 Ke8 0-1

[Event "Vecindario Montalvo Memorial 14th"]
[Site "Vecindario"]
[Date "2022.09.04"]
[Round "2"]
[White "Sanchez Montesdeoca, Isaac"]
[Black "Villegas, Pierre"]
[Result "0-1"]
[WhiteElo "1712"]
[BlackElo "2232"]
[PlyCount "62"]
[EventDate "2022.09.04"]
[EventType "swiss"]
[EventRounds "9"]
[EventCountry "ESP"]
[SourceTitle "CBM 210 Extra"]
[Source "ChessBase"]
[SourceDate "2022.11.30"]
[SourceVersion "1"]
[SourceVersionDate "2022.11.30"]
[SourceQuality "1"]

1. Nf3 d5 2. g3 Nf6 3. Bg2 b5 4. 0-0 Bb7 5. b3 c5 6. d4 e6 7. Bb2 Nbd7 8. Nbd2 Qb6 9. Rb1 b4 10. c4 bxc3 11. Bxc3 Be7 12. Qc2 0-0 13. Rbd1 Rfc8 14. Qb2 a5 15. Rfe1 a4 16. e4 dxe4 17. Ng5 e3 18. fxe3 Bxg2 19. Kxg2 Nd5 20. Ngf3 Nxc3 21. Qxc3 axb3 22. Qxb3 Qa6 23. Ra1 cxd4 24. exd4 Rab8 25. Qe3 Nf6 26. Ne5 Rb2 27. Kh3 Rcc2 28. Ndf3 Nd5 29. Qe4 Qc8 30. g4 Qc3 31. Rh1 g5 0-1

[Event "Gran Canaria Cabildo Cup"]
[Site "Gran Canaria"]
[Date "2022.04.11"]
[Round "3"]
[White "Sanchez Montesdeoca, Isaac"]
[Black "Garcia Cruz, Jose Manuel"]
[Result "1-0"]
[WhiteElo "1688"]
[BlackElo "1353"]
[PlyCount "60"]
[EventDate "2022.04.10"]
[EventType "swiss"]
[EventRounds "7"]
[EventCountry "ESP"]
[SourceTitle "CBM 207 Extra"]
[Source "ChessBase"]
[SourceDate "2022.05.31"]
[SourceVersion "1"]
[SourceVersionDate "2022.05.31"]
[SourceQuality "1"]

1. Nf3 d5 2. g3 Nf6 3. Bg2 Bf5 4. 0-0 e6 5. d4 c5 6. c4 Nc6 7. Nc3 Ne4 8. cxd5 Nxc3 9. bxc3 exd5 10. Nh4 Be6 11. Qb3 cxd4 12. Qxb7 Qc8 13. Qb5 Rb8 14. Qd3 Bc5 15. Bf4 Rb6 16. e4 dxe3 17. Bxe3 Ne5 18. Qe2 Bxe3 19. Qxe3 Ng4 20. Qg5 0-0 21. Bxd5 Bxd5 22. Qxd5 Rd8 23. Qe4 Nf6 24. Qf3 Rc6 25. Rfd1 Rcd6 26. Nf5 Rxd1+ 27. Rxd1 Rxd1+ 28. Qxd1 Kf8 29. Qd6+ Kg8 30. Qd1 Qe8 1-0

[Event "Gran Canaria-ch Seniors 50"]
[Site "Gran Canaria"]
[Date "2020.02.28"]
[Round "7"]
[White "Macias Reyes, Jose Luis"]
[Black "Sanchez Montesdeoca, Isaac"]
[Result "0-1"]
[WhiteElo "1589"]
[BlackElo "1754"]
[PlyCount "90"]
[EventDate "2020.02.04"]
[EventType "swiss"]
[EventRounds "7"]
[EventCountry "ESP"]
[SourceTitle "CBM 195 Extra"]
[Source "ChessBase"]
[SourceDate "2020.05.31"]
[SourceVersion "1"]
[SourceVersionDate "2020.05.31"]
[SourceQuality "1"]

1. d4 Nf6 2. Bf4 d6 3. e3 g6 4. Nf3 Bg7 5. Be2 0-0 6. 0-0 Nbd7 7. h3 c5 8. c3 b6 9. a4 a6 10. Nbd2 Bb7 11. Qb3 Qc7 12. Bh2 Rab8 13. Rfe1 Qc6 14. Bf1 h6 15. e4 Ne8 16. Nh4 Kh7 17. Bc4 Bf6 18. Nhf3 Kg7 19. d5 Qc7 20. Rad1 Rd8 21. Qc2 Bc8 22. Qd3 Qa7 23. Qe2 Ne5 24. Nxe5 Bxe5 25. Bxe5+ dxe5 26. Rf1 Nd6 27. f4 f6 28. fxe5 fxe5 29. Nf3 Rf4 30. Bd3 c4 31. Bc2 b5+ 32. Nd4 Rxf1+ 33. Qxf1 exd4 34. Rxd4 Rf8 35. Qe2 Bd7 36. Kh2 Qc7 37. g3 Qc8 38. g4 Qc7 39. Kg2 Nf7 40. axb5 axb5 41. e5 Qxe5 42. Re4 Qxd5 43. Kg1 Qc5+ 44. Kh2 Ne5 45. Rd4 Nf3+ 0-1

[Event "Gran Canaria-ch Seniors 50"]
[Site "Gran Canaria"]
[Date "2020.02.18"]
[Round "5"]
[White "Gaggero, Flavio"]
[Black "Sanchez Montesdeoca, Isaac"]
[Result "1-0"]
[WhiteElo "1586"]
[BlackElo "1754"]
[PlyCount "119"]
[EventDate "2020.02.04"]
[EventType "swiss"]
[EventRounds "7"]
[EventCountry "ESP"]
[SourceTitle "CBM 195 Extra"]
[Source "ChessBase"]
[SourceDate "2020.05.31"]
[SourceVersion "1"]
[SourceVersionDate "2020.05.31"]
[SourceQuality "1"]

1. b3 e5 2. Bb2 d6 3. e3 Be6 4. Nf3 h6 5. d4 e4 6. Nfd2 d5 7. c4 c6 8. Nc3 Nf6 9. Be2 Bd6 10. c5 Bc7 11. b4 Na6 12. a3 0-0 13. h3 Nb8 14. Nb3 Nfd7 15. a4 Qg5 16. g3 f5 17. h4 Qe7 18. b5 Nf6 19. Kd2 Ng4 20. Qe1 Nd7 21. a5 Kh7 22. a6 b6 23. bxc6 Nb8 24. cxb6 Bxb6 25. Ba3 Qf6 26. Bxf8 Qxf8 27. Bb5 Qd6 28. Na5 Qb4 29. Qb1 Bxa5 30. Rxa5 Qxa5 31. Qa2 Nxc6 32. Bxc6 Qxa2+ 33. Nxa2 Rc8 34. Nb4 Nxf2 35. Bxd5 Bd7 36. Rc1 Rb8 37. Bb7 Ng4 38. Rc7 Bb5 39. Nc6 Bxc6 40. Bxc6 Rb2+ 41. Kc3 Rb1 42. Kc2 Rb6 43. Bd7 Nxe3+ 44. Kd2 Nf1+ 45. Ke1 Rb1+ 46. Kf2 e3+ 47. Ke2 Nxg3+ 48. Kxe3 Rb3+ 49. Kf4 Nh5+ 50. Kxf5 g6+ 51. Ke5 Re3+ 52. Kd6 Kg8 53. Be6+ Rxe6+ 54. Kxe6 Nf4+ 55. Ke5 Nd3+ 56. Kd6 Nb2 57. Ke6 Nd3 58. Rxa7 Nf4+ 59. Kf6 g5 60. hxg5 1-0

[Event "Liga Insular Gran Canaria 1a"]
[Site "Las Palmas"]
[Date "2019.03.16"]
[Round "3.1"]
[White "Sanchez Montesdeoca, Isaac"]
[Black "De Varona Frolov, Serguei R"]
[Result "1-0"]
[WhiteElo "1720"]
[BlackElo "1620"]
[PlyCount "44"]
[EventDate "2019.03.02"]
[EventType "team-tourn"]
[EventRounds "7"]
[EventCountry "ESP"]
[SourceTitle "EXT 2021"]
[Source "ChessBase"]
[SourceDate "2020.10.23"]
[SourceVersion "1"]
[SourceVersionDate "2020.10.23"]
[SourceQuality "1"]
[WhiteTeam "El Puertillo"]
[BlackTeam "Panaderia Pulido San Mateo II"]
[WhiteTeamCountry "ESP"]
[BlackTeamCountry "ESP"]

1. e4 e6 2. d4 d5 3. Nc3 Nf6 4. Bg5 dxe4 5. Nxe4 Be7 6. Nxf6+ Bxf6 7. Bxf6 Qxf6 8. Nf3 0-0 9. Bd3 Nd7 10. 0-0 c5 11. Re1 Rd8 12. Qe2 cxd4 13. Qe4 g6 14. b4 Nb6 15. Ne5 Nd5 16. Qxd4 Nf4 17. Qe4 Nxd3 18. cxd3 Rd5 19. Ng4 Qd4 20. Qf3 Rf5 21. Nh6+ Kf8 22. Nxf5 gxf5 1-0

[Event "Gran Canaria Cabildo op"]
[Site "Gran Canaria"]
[Date "2019.03.12"]
[Round "1"]
[White "Sanchez Montesdeoca, Isaac"]
[Black "Bandin Lata, Daniel"]
[Result "1-0"]
[WhiteElo "1720"]
[BlackElo "1012"]
[PlyCount "49"]
[EventDate "2019.03.12"]
[EventType "swiss"]
[EventRounds "7"]
[EventCountry "ESP"]
[SourceTitle "CBM 189 Extra"]
[Source "ChessBase"]
[SourceDate "2019.06.03"]
[SourceVersion "1"]
[SourceVersionDate "2019.06.03"]
[SourceQuality "1"]

1. b3 d5 2. Bb2 Nc6 3. e3 e6 4. Nf3 Bd6 5. Bxg7 Be7 6. Bxh8 Bf6 7. Bxf6 Nxf6 8. Bb5 Bd7 9. Bxc6 Bxc6 10. Ne5 Bb5 11. Nc3 Ba6 12. Qf3 Qe7 13. 0-0-0 0-0-0 14. Kb1 c5 15. Rhe1 d4 16. Ne4 Nxe4 17. Qxe4 Qf6 18. f4 dxe3 19. dxe3 h5 20. Rxd8+ Qxd8 21. Qf3 Qd2 22. Rd1 Qb4 23. Qxh5 f6 24. Qe8+ Kc7 25. Qd8# 1-0

[Event "Gran Canaria op Seniors"]
[Site "Gran Canaria"]
[Date "2019.02.28"]
[Round "7"]
[White "Sanchez Montesdeoca, Isaac"]
[Black "Parsons, Alan"]
[Result "1-0"]
[WhiteElo "1733"]
[BlackElo "1768"]
[PlyCount "77"]
[EventDate "2019.02.07"]
[EventType "swiss"]
[EventRounds "7"]
[EventCountry "ESP"]
[SourceTitle "EXT 2020"]
[Source "ChessBase"]
[SourceDate "2019.10.17"]
[SourceVersion "1"]
[SourceVersionDate "2019.10.17"]
[SourceQuality "1"]

1. e4 d5 2. exd5 Nf6 3. Bb5+ Bd7 4. Be2 Bf5 5. Nf3 Nxd5 6. 0-0 e6 7. a3 Be7 8. c4 Nf4 9. d4 Nxe2+ 10. Qxe2 0-0 11. Nc3 c6 12. Bf4 Bd6 13. Bxd6 Qxd6 14. Rad1 Nd7 15. Rfe1 Rfe8 16. Rd2 Rad8 17. h3 Nf6 18. Ne5 Nd7 19. Nf3 Nf6 20. Red1 Bg6 21. Qe3 Bh5 22. g4 Bg6 23. Ne5 Qe7 24. Kg2 Nd7 25. Nxg6 hxg6 26. Ne4 Nb6 27. Qc3 Qc7 28. b3 e5 29. Qg3 Qe7 30. dxe5 Rxd2 31. Rxd2 Qxe5 32. Qxe5 Rxe5 33. Rd8+ Kh7 34. Kf3 g5 35. Ke3 Re7 36. Kd4 Kg6 37. b4 Rd7+ 38. Rxd7 Nxd7 39. Nc5 1-0

[Event "Gran Canaria op Seniors"]
[Site "Gran Canaria"]
[Date "2019.02.26"]
[Round "6"]
[White "Garcia Caballero, Luis"]
[Black "Sanchez Montesdeoca, Isaac"]
[Result "1-0"]
[WhiteElo "1692"]
[BlackElo "1733"]
[PlyCount "81"]
[EventDate "2019.02.07"]
[EventType "swiss"]
[EventRounds "7"]
[EventCountry "ESP"]
[SourceTitle "CBM 189 Extra"]
[Source "ChessBase"]
[SourceDate "2019.06.03"]
[SourceVersion "1"]
[SourceVersionDate "2019.06.03"]
[SourceQuality "1"]

1. e4 c5 2. Nf3 d6 3. d4 cxd4 4. Nxd4 Nf6 5. Bd3 g6 6. c4 Bg7 7. Nc3 Nc6 8. Nxc6 bxc6 9. 0-0 Bg4 10. f3 Bd7 11. Be3 h5 12. Qd2 h4 13. Bg5 Rh5 14. Be2 Nh7 15. Be3 Nf6 16. f4 Ng4 17. Bd4 e5 18. fxe5 Bh6 19. Qd3 dxe5 20. Bc5 Qg5 21. Rxf7 Be6 22. Re7+ Qxe7 23. Bxe7 Kxe7 24. Bxg4 Bxg4 25. c5 Rd8 26. Qa6 h3 27. Qxc6 Be3+ 28. Kh1 hxg2+ 29. Kxg2 Rd2+ 30. Kg3 Bf4+ 31. Kxg4 Rg5+ 32. Kf3 Rd3+ 33. Kf2 Rd2+ 34. Kf1 Rgg2 35. Nd5+ Kf7 36. Qf6+ Kg8 37. Nxf4 Rdf2+ 38. Ke1 Rxf4 39. Qxe5 Rfg4 40. c6 Rg1+ 41. Kf2 1-0

[Event "Las Palmas Insular-chT Segunda 1718"]
[Site "Las Palmas"]
[Date "2018.02.03"]
[Round "7.1"]
[White "Sanchez Montesdeoca, Isaac"]
[Black "Leon Rodriguez, Orlando"]
[Result "0-1"]
[WhiteElo "1759"]
[BlackElo "2206"]
[PlyCount "74"]
[EventDate "2017.10.28"]
[EventType "team-swiss"]
[EventRounds "9"]
[EventCountry "ESP"]
[SourceTitle "EXT 2021"]
[Source "ChessBase"]
[SourceDate "2020.10.23"]
[SourceVersion "1"]
[SourceVersionDate "2020.10.23"]
[SourceQuality "1"]
[WhiteTeam "Puerto Santa Lucia"]
[BlackTeam "Panaderia Pulido San Mateo"]
[WhiteTeamCountry "ESP"]
[BlackTeamCountry "ESP"]

1. e4 e6 2. d4 d5 3. Nc3 Bb4 4. Bd3 dxe4 5. Bxe4 Nf6 6. Bf3 0-0 7. Nge2 c5 8. Be3 cxd4 9. Qxd4 Qxd4 10. Nxd4 e5 11. Ndb5 Nc6 12. 0-0-0 Be6 13. Nc7 Bxc3 14. bxc3 Rac8 15. Nxe6 fxe6 16. Rd6 Kf7 17. Rhd1 e4 18. Be2 Nd5 19. Rd7+ Kg6 20. Bc5 Nxc3 21. R1d2 Ne5 22. Rc7 Rxc7 23. Bxf8 Nxe2+ 24. Rxe2 Kf5 25. h3 h5 26. Re3 Rf7 27. Bb4 Nc6 28. Bd2 Rd7 29. Bc3 e5 30. Bb2 Nd4 31. c3 Ne6 32. f3 exf3 33. Rxf3+ Nf4 34. g3 Ke4 35. Rf1 Ne2+ 36. Kc2 Nxg3 37. c4 Nxf1 0-1